LDR 00896naa#a2200169#i#450# 001 RU\INFRA-M\bibl\118170 005 20260427221850.1 011 ## _a2305-7807 100 ## _a20260227b2026####ek#y0rusy0150####ca 102 ## _aRU 200 1# _aОСОБЕННОСТИ СТРАТЕГИИ ПОИСКА И ПОДБОРА ПЕРСОНАЛА ДЛЯ ИНДУСТРИИ ОБЩЕСТВЕННОГО ПИТАНИЯ В УСЛОВИЯХ ИЗМЕНЕНИЯ ГОСУДАРСТВЕННОЙ МИГРАЦИОННОЙ ПОЛИТИКИ _eЖурнальная статья 210 1# _aМосква _cОбщество с ограниченной ответственностью «Научно-издательский центр ИНФРА-М» _d2026 215 ## _a3 с. 608 ## _aЖурнальная статья _2local 675 ## _aРынок труда. Занятость. 331.5 _z 700 #1 _aЛаас _gН. И. 856 4# _azh-szf.ru _u